| 000 | 00569nam a2200193Ia 4500 | ||
|---|---|---|---|
| 003 | IN-BaIIA | ||
| 008 | 211028s9999 xx 000 0 eng d | ||
| 020 | _a0-262-02137-4 | ||
| 040 | _cIIA Library | ||
| 080 |
_a52(091) _bAST |
||
| 245 | 0 |
_aAstronomy of the ancients _cedited by Kenneth Brecher and Michael Feirtag |
|
| 260 |
_aCambridge _bMIT Press _c1979 |
||
| 300 | _aix, 206p. | ||
| 650 |
_aArchaeoastronomy _92299 |
||
| 650 | _aAstronomy and astrophysics thesaurus | ||
| 650 |
_aAstronomy-history _9900 |
||
| 700 |
_aBrecher, Kenneth., ed. _911291 |
||
| 942 | _cBK | ||
| 999 |
_c6595 _d6595 |
||